[Event "TCh-CHN 2015"]
[Site "China CHN"]
[Date "2015.12.08"]
[Round "19.1"]
[Board "4"]
[White "Yuan, Ye"]
[Black "Munguntuul, Batkhuyag"]
[Result "1/2-1/2"]
[BlackTitle "IM"]
[WhiteElo "2114"]
[BlackElo "2426"]
[WhiteTeam "Qingdao"]
[BlackTeam "Guangdong"]
[WhiteFideId "8608415"]
[BlackFideId "4900758"]
[EventDate "2015.04.10"]

1. d4 Nf6 2. c4 g6 3. Nc3 Bg7 4. e4 d6 5. h3 O-O 6. Nf3 Na6 7. Be3 c5 8. d5 e6
9. Bd3 exd5 10. exd5 Nc7 11. a4 Na6 12. O-O Nb4 13. Bb1 Re8 14. Qc1 Nh5 15. Bg5
f6 16. Bh6 g5 17. Bxg7 Kxg7 18. Ne4 Nf4 19. Qd2 Bf5 20. Nxd6 Qxd6 21. Bxf5 Re2
22. Qd1 Rae8 23. Qb1 Ng6 24. g3 Qa6 25. Qc1 h5 26. Ra3 Qd6 27. Re1 Ne5 28. Rxe2
Nxf3+ 29. Rxf3 Rxe2 30. Re3 Na2 31. Qd1 Rxe3 32. fxe3 Qxg3+ 33. Kh1 Qxe3 34. d6
Nb4 35. d7 Nc6 36. d8=Q Nxd8 37. Qxd8 Qf3+ 38. Kh2 Qxf5 39. Qe7+ Kg8 40. Qe8+
Kg7 41. Qe7+ Kg8 1/2-1/2

[Event "TCh-CHN 2015"]
[Site "China CHN"]
[Date "2015.12.08"]
[Round "19.2"]
[Board "2"]
[White "Shen, Yang"]
[Black "Ni, Shiqun"]
[Result "1/2-1/2"]
[WhiteTitle "IM"]
[BlackTitle "WIM"]
[WhiteElo "2459"]
[BlackElo "2315"]
[WhiteTeam "Jiangsu"]
[BlackTeam "Tianjing"]
[WhiteFideId "8603162"]
[BlackFideId "8608466"]
[EventDate "2015.04.10"]

1. d4 Nf6 2. c4 g6 3. Nc3 d5 4. cxd5 Nxd5 5. Qb3 Nxc3 6. bxc3 Bg7 7. Ba3 b6 8.
e3 O-O 9. Nf3 c5 10. Be2 Nc6 11. O-O Na5 12. Qc2 Qc7 13. Rac1 Bb7 14. Nd2 Rac8
15. dxc5 bxc5 16. Rb1 Bc6 17. c4 Nb7 18. Rfd1 Rfd8 19. Bf3 Nd6 20. Bxc6 Qxc6 21.
h3 h6 22. Rb3 Qa4 23. Rc1 Qa6 24. Ne4 Nxe4 25. Qxe4 Rd2 26. Qxe7 Rxa2 27. Qd7
Kh7 28. Rcb1 Rc6 29. Bb2 Rxb2 30. R3xb2 Bxb2 31. Rxb2 Qa1+ 32. Kh2 Qxb2 33. Qxc6
Qe5+ 34. g3 a5 35. Qb5 Qf5 36. Kg2 Kg7 37. h4 Qe5 38. Kh2 Qc3 39. h5 Qb4 40.
hxg6 Kxg6 41. Qc6+ Kg7 42. Qe4 a4 43. Qg4+ Kh7 44. Qf5+ Kg7 45. Qg4+ Kh7 46.
Qf5+ Kg7 1/2-1/2

[Event "TCh-CHN 2015"]
[Site "China CHN"]
[Date "2015.12.08"]
[Round "19.2"]
[Board "4"]
[White "Malakhov, Vladimir"]
[Black "Yu, Ruiyuan"]
[Result "1/2-1/2"]
[WhiteTitle "GM"]
[BlackTitle "GM"]
[WhiteElo "2706"]
[BlackElo "2571"]
[WhiteTeam "Tianjing"]
[BlackTeam "Jiangsu"]
[WhiteFideId "4120787"]
[BlackFideId "8603090"]
[EventDate "2015.04.10"]

1. c4 c6 2. Nf3 d5 3. e3 Nf6 4. d4 Bf5 5. Nc3 e6 6. Nh4 Bg6 7. Nxg6 hxg6 8. Bd3
Nbd7 9. O-O Bd6 10. h3 O-O 11. Qc2 a6 12. Rd1 b5 13. b3 Qe7 14. Bb2 Rac8 15. Bf1
Ba3 16. Bxa3 Qxa3 17. c5 e5 18. g3 Rfe8 19. Bg2 exd4 20. exd4 Qa5 21. a4 Qc7 22.
axb5 axb5 23. Ra6 Ra8 24. Rda1 Re1+ 25. Rxe1 Rxa6 26. h4 Qa5 27. Rd1 Qb4 28. Na2
Qa3 29. Nc3 Qb4 30. Na2 Qa5 31. Nc3 1/2-1/2

[Event "TCh-CHN 2015"]
[Site "China CHN"]
[Date "2015.12.08"]
[Round "19.2"]
[Board "5"]
[White "Ma, Qun"]
[Black "Lin, Chen"]
[Result "1-0"]
[WhiteTitle "GM"]
[BlackTitle "IM"]
[WhiteElo "2609"]
[BlackElo "2448"]
[WhiteTeam "Tianjing"]
[BlackTeam "Jiangsu"]
[WhiteFideId "8603154"]
[BlackFideId "8602298"]
[EventDate "2015.04.10"]

1. e4 e5 2. Nf3 Nc6 3. Bc4 Bc5 4. c3 Nf6 5. d3 d6 6. O-O Bb6 7. Bb3 Ne7 8. Nbd2
Ng6 9. Re1 O-O 10. Nf1 Be6 11. Bc2 Re8 12. h3 d5 13. exd5 Bxd5 14. Ne3 Bc6 15.
Nc4 e4 16. Nxb6 axb6 17. Nd4 exd3 18. Rxe8+ Qxe8 19. Bxd3 Be4 20. Bf1 Rd8 21.
Qe1 h6 22. f3 Bd5 23. Qxe8+ Nxe8 24. Be3 Nd6 25. b3 f6 26. Rd1 Re8 27. Nc2 Nf5
28. Rxd5 Nxe3 29. Nxe3 Rxe3 30. Rd8+ Kf7 31. Bc4+ Ke7 32. Rg8 Ne5 33. Rxg7+ Kd6
34. Bf1 Rxc3 35. f4 Nd7 36. Rh7 Rc1 37. Rxh6 b5 38. g4 c5 39. g5 c4 40. bxc4
bxc4 41. g6 c3 42. g7 c2 43. g8=Q Rxf1+ 44. Kxf1 c1=Q+ 45. Kg2 Qd2+ 46. Kg3 b5
47. Qb3 Qe1+ 48. Kg4 Qg1+ 49. Qg3 Qb1 50. a3 Qe4 51. Kh4 Qf5 52. Rh5 Qb1 53. Qc3
Qf1 54. Qd2+ Kc6 55. Rd5 Nc5 56. Rd6+ Kc7 57. Rxf6 1-0

[Event "TCh-CHN 2015"]
[Site "China CHN"]
[Date "2015.12.08"]
[Round "19.3"]
[Board "1"]
[White "Xu, Xiangyu CHN"]
[Black "Lu, Shanglei"]
[Result "1-0"]
[BlackTitle "GM"]
[WhiteElo "2243"]
[BlackElo "2570"]
[WhiteTeam "Chengdu"]
[BlackTeam "Zhejiang"]
[WhiteFideId "8608288"]
[BlackFideId "8603332"]
[EventDate "2015.04.10"]

1. e4 c5 2. Nf3 d6 3. d4 cxd4 4. Nxd4 Nf6 5. Nc3 a6 6. Be2 e5 7. Nb3 Be7 8. O-O
O-O 9. Qd3 Nbd7 10. a4 b6 11. Qg3 Bb7 12. Bh6 Ne8 13. Rad1 Rc8 14. f3 d5 15.
Nxd5 Rxc2 16. Nxe7+ Qxe7 17. Rd2 Rxd2 18. Bxd2 Qe6 19. Qh3 f5 20. Rc1 Nd6 21.
Rc3 Rc8 22. exf5 Nxf5 23. Bd3 g6 24. Rxc8+ Bxc8 25. Qg4 Bb7 26. Bc3 1-0

[Event "TCh-CHN 2015"]
[Site "China CHN"]
[Date "2015.12.08"]
[Round "19.3"]
[Board "3"]
[White "Liu, Guanchu"]
[Black "Xu, Minghui"]
[Result "1-0"]
[WhiteTitle "IM"]
[WhiteElo "2379"]
[BlackElo "2229"]
[WhiteTeam "Chengdu"]
[BlackTeam "Zhejiang"]
[WhiteFideId "8603901"]
[BlackFideId "8606790"]
[EventDate "2015.04.10"]

1. e4 c6 2. d4 d5 3. e5 Bf5 4. Nc3 e6 5. g4 Bg6 6. Nge2 f6 7. Nf4 Bf7 8. Qe2 Nd7
9. exf6 Qxf6 10. g5 Qxd4 11. Nxe6 Bxe6 12. Qxe6+ Ne7 13. Be3 Qe5 14. Bh3 Qxe6
15. Bxe6 Ng6 16. O-O-O Nc5 17. Bg4 Be7 18. Nxd5 cxd5 19. Rxd5 b6 20. b4 Nb7 21.
Bd7+ Kd8 22. Bf5+ Bd6 23. Rd4 Ke7 24. Be4 Rab8 25. Re1 Be5 26. Bxg6 Bxd4 27.
Bxd4+ Kf8 28. Bh5 Rd8 29. Re4 Nd6 30. Rf4+ Kg8 31. Be5 1-0

[Event "TCh-CHN 2015"]
[Site "China CHN"]
[Date "2015.12.08"]
[Round "19.3"]
[Board "4"]
[White "Ding, Yixin"]
[Black "Li, Yunshan"]
[Result "1/2-1/2"]
[WhiteTitle "WGM"]
[BlackTitle "WFM"]
[WhiteElo "2434"]
[BlackElo "1916"]
[WhiteTeam "Zhejiang"]
[BlackTeam "Chengdu"]
[WhiteFideId "8602972"]
[BlackFideId "8607664"]
[EventDate "2015.04.10"]

1. e4 c5 2. Nf3 e6 3. d4 cxd4 4. Nxd4 Nc6 5. Nc3 Qc7 6. Be2 a6 7. O-O b5 8. Nxc6
dxc6 9. a4 b4 10. Nb1 Bc5 11. Nd2 Nf6 12. Bd3 a5 13. Qe2 e5 14. Nc4 O-O 15. Be3
Bxe3 16. Qxe3 Be6 17. Rad1 Rfd8 18. Be2 Nd7 19. b3 Bxc4 20. Bxc4 Nb6 21. Qc5
Nxc4 22. Qxc4 Qb6 23. g3 Rac8 24. Rfe1 g6 25. Kg2 Kg7 26. f4 exf4 27. gxf4 Rxd1
28. Rxd1 Rd8 29. Rxd8 Qxd8 30. Qd3 Qb6 31. e5 Qc5 32. Kf3 Qg1 33. Qd6 Qxh2 34.
Qf6+ Kg8 35. Qd8+ 1/2-1/2

[Event "TCh-CHN 2015"]
[Site "China CHN"]
[Date "2015.12.08"]
[Round "19.3"]
[Board "5"]
[White "Zhu, Jiner"]
[Black "Ren, Xiaoyi"]
[Result "1/2-1/2"]
[WhiteElo "1989"]
[BlackElo "2211"]
[WhiteTeam "Zhejiang"]
[BlackTeam "Chengdu"]
[WhiteFideId "8608059"]
[BlackFideId "8608709"]
[EventDate "2015.04.10"]

1. e4 e6 2. d4 d5 3. Nc3 dxe4 4. Nxe4 Bd7 5. Nf3 Bc6 6. Bd3 Nd7 7. O-O Ngf6 8.
Ng3 Be7 9. Re1 O-O 10. c4 Bxf3 11. Qxf3 c6 12. Bd2 Re8 13. Bc3 Qc7 14. Rad1 Rad8
15. Bb1 Nf8 16. Qe3 Ng6 17. b3 a5 18. Nf1 Bb4 19. g3 Qb6 20. Bxb4 axb4 21. h4
Rd7 22. Nh2 Red8 23. Nf3 Qa5 24. Rd2 Ng4 25. Qe4 Nf6 26. Qe3 Ng4 27. Qe2 Nf6 28.
Red1 Qh5 29. Qe3 b5 30. Bxg6 hxg6 31. Ne5 Ng4 32. Nxg4 Qxg4 33. Kg2 bxc4 34.
bxc4 Ra8 35. Qb3 Rda7 36. Qxb4 Rxa2 37. Rxa2 Qe4+ 38. f3 Rxa2+ 39. Rd2 Rxd2+ 40.
Qxd2 Qb1 41. d5 exd5 42. cxd5 cxd5 43. Qxd5 Qc2+ 44. Kh3 Qf2 45. Qd1 f5 46. f4 1/2-1/2

[Event "TCh-CHN 2015"]
[Site "China CHN"]
[Date "2015.12.08"]
[Round "19.4"]
[Board "2"]
[White "Lei, Tingjie"]
[Black "Zhai, Mo"]
[Result "1-0"]
[WhiteTitle "WGM"]
[BlackTitle "WIM"]
[WhiteElo "2444"]
[BlackElo "2324"]
[WhiteTeam "Hangzhou"]
[BlackTeam "Heibei"]
[WhiteFideId "8605114"]
[BlackFideId "8600201"]
[EventDate "2015.04.10"]

1. Nf3 Nf6 2. c4 e6 3. g3 b6 4. Bg2 Bb7 5. O-O Be7 6. d4 O-O 7. Nc3 Ne4 8. Bd2
f5 9. Ne5 Nxc3 10. Bxc3 Bxg2 11. Kxg2 Nc6 12. Nd3 Bf6 13. e3 Qe8 14. h4 a5 15.
Nf4 g6 16. Rc1 Qf7 17. Re1 Ne7 18. Qf3 Rac8 19. Red1 Rb8 20. Qe2 Rfe8 21. b3 Nc8
22. Be1 Bg7 23. c5 Ne7 24. cxb6 cxb6 25. Rc7 Red8 26. Qb5 Qe8 27. Rc2 Bh6 28.
Ne2 Rdc8 29. Nc3 Kf7 30. Rdc1 Bg7 31. Qd3 Bf8 32. Kg1 Nc6 33. Nb5 Nb4 34. Bxb4
Bxb4 35. Rc7 Qd8 36. d5 Rxc7 37. Rxc7 Bc5 38. dxe6+ Kxe6 39. Qc4+ Ke7 40. Qd5
Rc8 41. Rb7 Bb4 42. Na7 Rc1+ 43. Kg2 Bd6 44. Nc6+ 1-0

[Event "TCh-CHN 2015"]
[Site "China CHN"]
[Date "2015.12.08"]
[Round "19.4"]
[Board "3"]
[White "Wan, Yunguo"]
[Black "Lysyj, Igor"]
[Result "0-1"]
[WhiteTitle "IM"]
[BlackTitle "GM"]
[WhiteElo "2477"]
[BlackElo "2691"]
[WhiteTeam "Heibei"]
[BlackTeam "Hangzhou"]
[WhiteFideId "8603189"]
[BlackFideId "4150120"]
[EventDate "2015.04.10"]

1. e4 e6 2. d4 d5 3. Nc3 Nf6 4. e5 Nfd7 5. f4 c5 6. Nf3 Nc6 7. Be3 Be7 8. Qd2
O-O 9. Be2 b6 10. O-O f5 11. exf6 Nxf6 12. Bb5 Qc7 13. Kh1 a6 14. Bxc6 Qxc6 15.
Rae1 Bb7 16. Bg1 Rae8 17. a3 Bd6 18. Ne5 Qc7 19. Rf3 c4 20. Qe2 b5 21. Ref1 Bc8
22. Be3 Qb6 23. g4 Nd7 24. Nd1 Nxe5 25. fxe5 Rxf3 26. Rxf3 Bxe5 27. dxe5 d4 28.
Bc1 Bb7 29. Kg1 d3+ 30. Qe3 Qc6 31. Kf2 Rd8 32. Rf4 Qg2+ 33. Ke1 Qh1+ 34. Rf1
dxc2 35. Nc3 Rd1+ 36. Nxd1 Qxf1+ 37. Kxf1 cxd1=Q+ 38. Kf2 Qxg4 39. Qf4 Qg2+ 40.
Ke3 Qg1+ 41. Kd2 a5 42. a4 b4 43. Qxc4 Qxh2+ 44. Qe2 Qh1 45. Qb5 Qg2+ 46. Qe2
Qg5+ 47. Qe3 Qd8+ 48. Ke2 Qd5 49. Bd2 h6 50. Qg3 Ba6+ 51. Kd1 Kh7 52. Qe3 Bd3
53. Ke1 Bc2 0-1

[Event "TCh-CHN 2015"]
[Site "China CHN"]
[Date "2015.12.08"]
[Round "19.4"]
[Board "5"]
[White "Zhang, Pengxiang"]
[Black "Bai, Jinshi"]
[Result "0-1"]
[WhiteTitle "GM"]
[BlackTitle "IM"]
[WhiteElo "2570"]
[BlackElo "2518"]
[WhiteTeam "Heibei"]
[BlackTeam "Hangzhou"]
[WhiteFideId "8600970"]
[BlackFideId "8602280"]
[EventDate "2015.04.10"]

1. e4 c5 2. Nf3 e6 3. d4 cxd4 4. Nxd4 Nc6 5. Nc3 Qc7 6. g3 a6 7. Bg2 Nf6 8. O-O
Nxd4 9. Qxd4 Bc5 10. Qd3 Ng4 11. Qe2 Ne5 12. Kh1 d6 13. f4 Nc6 14. Be3 Bxe3 15.
Qxe3 O-O 16. Rad1 b5 17. e5 dxe5 18. f5 exf5 19. Qc5 Bb7 20. Rd6 Rfd8 21. Rxc6
Bxc6 22. Qxc6 Qxc6 23. Bxc6 Rac8 24. Bb7 Rc7 25. Bxa6 b4 26. Ne2 Rxc2 27. Rxf5
f6 28. Kg2 Rdd2 29. Rf2 Rxb2 30. Bc4+ Kf8 31. Kf3 Ke7 32. Ke3 Rd1 33. g4 Re1 34.
Bg8 g6 35. Bc4 h5 36. gxh5 gxh5 37. h4 Rc2 38. Bb3 Rb2 39. Kf3 e4+ 40. Ke3 f5
41. Bc4 Kf6 42. Kd4 Rd1+ 43. Ke3 Ke5 44. Rg2 Rf1 0-1

[Event "TCh-CHN 2015"]
[Site "China CHN"]
[Date "2015.12.08"]
[Round "19.5"]
[Board "1"]
[White "Wang, Chen"]
[Black "Liu, Qingnan"]
[Result "1-0"]
[WhiteTitle "IM"]
[BlackTitle "IM"]
[WhiteElo "2500"]
[BlackElo "2510"]
[WhiteTeam "Chongqing"]
[BlackTeam "Shandong"]
[WhiteFideId "8601020"]
[BlackFideId "8603294"]
[EventDate "2015.04.10"]

1. Nf3 Nf6 2. b3 g6 3. Bb2 Bg7 4. e3 O-O 5. Be2 d5 6. O-O c5 7. c4 d4 8. exd4
Ne8 9. d3 cxd4 10. Na3 Nc7 11. Re1 Nc6 12. Nc2 e5 13. Bf1 Rb8 14. Nd2 b5 15. Rb1
b4 16. g3 Ne6 17. Bg2 Qc7 18. Bc1 f5 19. Bd5 Kh8 20. Nf3 Ned8 21. Qe2 Qd6 22. a3
a5 23. axb4 axb4 24. Ra1 Ne7 25. Nxe5 Nxd5 26. cxd5 Qxd5 27. Nc4 Ne6 28. Ra5 Nc5
29. f3 Bd7 30. Bf4 Rbe8 31. Qd1 Rb8 32. Qe2 Rbe8 33. Qd1 Rxe1+ 34. Nxe1 Be6 35.
Bd6 Rc8 36. Qe2 Bg8 37. Kf1 Bf6 38. Nc2 Re8 39. Qd1 Rc8 40. Nxb4 Qb7 1-0

[Event "TCh-CHN 2015"]
[Site "China CHN"]
[Date "2015.12.08"]
[Round "19.5"]
[Board "2"]
[White "Zhou, Weiqi"]
[Black "Wen, Yang"]
[Result "1/2-1/2"]
[WhiteTitle "GM"]
[BlackTitle "GM"]
[WhiteElo "2627"]
[BlackElo "2573"]
[WhiteTeam "Chongqing"]
[BlackTeam "Shandong"]
[WhiteFideId "8601674"]
[BlackFideId "8602956"]
[EventDate "2015.04.10"]

1. e4 e5 2. Nf3 Nc6 3. d4 exd4 4. Nxd4 Nf6 5. Nc3 Bb4 6. Nxc6 bxc6 7. Bd3 O-O 8.
O-O d5 9. exd5 cxd5 10. h3 c6 11. Qf3 Rb8 12. Bf4 Bd6 13. b3 Be6 14. Rfe1 Re8
15. Ne2 c5 16. c3 Qc7 17. Rad1 a5 18. Bc2 Bxf4 19. Nxf4 Re7 20. Re2 Rbe8 21. Bd3
Qb6 22. Rde1 Qd6 23. Qg3 Qd7 24. Re5 Kf8 25. Qh4 h6 26. g4 Bxg4 27. Rxe7 Rxe7
28. Rxe7 1/2-1/2

[Event "TCh-CHN 2015"]
[Site "China CHN"]
[Date "2015.12.08"]
[Round "19.5"]
[Board "4"]
[White "Xu, Huahua"]
[Black "Huang, Qian"]
[Result "0-1"]
[WhiteTitle "WIM"]
[BlackTitle "WGM"]
[WhiteElo "2105"]
[BlackElo "2473"]
[WhiteTeam "Shandong"]
[BlackTeam "Chongqing"]
[WhiteFideId "8604096"]
[BlackFideId "8602689"]
[EventDate "2015.04.10"]

1. e4 b6 2. d4 Bb7 3. Bd3 e6 4. Nf3 c5 5. c3 Ne7 6. O-O Ng6 7. Bg5 Qc7 8. Re1 d6
9. Bb5+ Nd7 10. d5 e5 11. Nh4 a6 12. Bxd7+ Qxd7 13. Nf5 h6 14. Be3 Ne7 15. Nxe7
Bxe7 16. b4 b5 17. bxc5 dxc5 18. a4 c4 19. Na3 O-O 20. axb5 axb5 21. Nc2 Bd6 22.
Rxa8 Rxa8 23. f3 Bc8 24. Qe2 Qc7 25. Rb1 Bd7 26. Nb4 Ra3 27. Qc2 Qa5 28. Qd2 Qa8
29. g4 Kh7 30. h3 Qa4 31. Bf2 Rb3 32. Rxb3 cxb3 33. Be1 Bxb4 34. cxb4 Qa1 0-1

[Event "TCh-CHN 2015"]
[Site "China CHN"]
[Date "2015.12.08"]
[Round "19.6"]
[Board "3"]
[White "Wang, Yiye"]
[Black "Xu, Yi"]
[Result "1/2-1/2"]
[WhiteTitle "IM"]
[BlackTitle "FM"]
[WhiteElo "2433"]
[BlackElo "2356"]
[WhiteTeam "Beijing"]
[BlackTeam "Shanghai"]
[WhiteFideId "8606021"]
[BlackFideId "8605564"]
[EventDate "2015.04.10"]

1. d4 Nf6 2. g3 e6 3. c4 d5 4. Nf3 Be7 5. Bg2 O-O 6. O-O dxc4 7. Qa4 a6 8. Qxc4
b5 9. Qc2 Bb7 10. Bd2 Ra7 11. Rd1 Nbd7 12. Ba5 Qa8 13. Nbd2 c5 14. dxc5 Bxc5 15.
Nb3 Be4 16. Qd2 Bb6 17. Qd6 Rc7 18. Bxb6 Rc6 19. Qd4 Rxb6 20. Rac1 Rc6 21. Ne1
Bxg2 22. Nxg2 Rfc8 23. Rxc6 Qxc6 24. Ne3 h6 25. Qd6 Qb6 26. Qb4 Ne5 27. Qd4 Qxd4
28. Rxd4 Kf8 29. f3 Ke7 30. Kf2 Nc6 31. Rd2 Nb4 1/2-1/2

[Event "TCh-CHN 2015"]
[Site "China CHN"]
[Date "2015.12.09"]
[Round "20.1"]
[Board "1"]
[White "Ma, Zhonghan"]
[Black "Wang, Yiye"]
[Result "1/2-1/2"]
[WhiteTitle "IM"]
[BlackTitle "IM"]
[WhiteElo "2468"]
[BlackElo "2433"]
[WhiteTeam "Qingdao"]
[BlackTeam "Beijing"]
[WhiteFideId "8607206"]
[BlackFideId "8606021"]
[EventDate "2015.04.10"]

1. d4 d5 2. c4 c6 3. Nf3 Nf6 4. Nc3 e6 5. e3 Nbd7 6. Qc2 Bd6 7. Bd3 O-O 8. O-O
e5 9. cxd5 cxd5 10. e4 exd4 11. Nxd5 Nxd5 12. exd5 h6 13. Nxd4 Qh4 14. Nf3 Qh5
15. Bh7+ Kh8 16. Qf5 Qxf5 17. Bxf5 Nf6 18. Bxc8 Rfxc8 19. Rd1 Rc5 20. Be3 Rxd5
21. Rxd5 Nxd5 22. Rd1 Nxe3 23. Rxd6 Ng4 24. Rd7 Rc8 25. Ne1 Re8 26. Nf3 Rc8 27.
g3 Rc1+ 28. Kg2 Rc2 29. Rd2 Rc8 30. Rd4 Nf6 31. Ne5 Kg8 32. Rc4 Re8 33. f4 Rd8
34. Rc2 Nd5 35. Rf2 Kf8 36. Rd2 Ke7 37. Rd4 Rd6 38. Nc4 Rd7 39. Na5 Ke6 1/2-1/2

[Event "TCh-CHN 2015"]
[Site "China CHN"]
[Date "2015.12.09"]
[Round "20.2"]
[Board "1"]
[White "Zhou, Jianchao"]
[Black "Wang, Chen"]
[Result "1-0"]
[WhiteTitle "GM"]
[BlackTitle "IM"]
[WhiteElo "2578"]
[BlackElo "2500"]
[WhiteTeam "Shanghai"]
[BlackTeam "Chongqing"]
[WhiteFideId "8603537"]
[BlackFideId "8601020"]
[EventDate "2015.04.10"]

1. d4 Nf6 2. c4 e6 3. Nc3 Bb4 4. Nf3 O-O 5. Bg5 h6 6. Bh4 b6 7. e3 Bb7 8. Bd3
Be7 9. Rc1 c5 10. O-O d6 11. h3 Nh5 12. Bxe7 Qxe7 13. d5 e5 14. Nh2 g6 15. Be2
Ng7 16. e4 Nd7 17. Qd2 h5 18. Qh6 Nf6 19. f4 Nh7 20. fxe5 dxe5 21. Nf3 Ne8 22.
h4 Qf6 23. Rf2 Bc8 24. Rcf1 Qh8 25. Ng5 Nxg5 26. Qxg5 Qg7 27. Rf6 Nxf6 28. Rxf6
Bd7 29. Qxe5 Bf5 30. Rxf5 gxf5 31. Qxf5 Rae8 32. Bxh5 Kh8 33. Bg4 Re5 34. Qf3
Qh6 35. g3 Qc1+ 36. Kh2 f5 37. Bxf5 Rfxf5 38. exf5 Qc2+ 39. Kh3 Rxf5 40. Qe3 Rf2
41. Ne4 Re2 42. Qh6+ Kg8 43. Qg6+ Kf8 44. Qf6+ Kg8 45. Qd8+ Kg7 46. Qe7+ Kg6 47.
Qf6+ Kh7 48. Ng5+ 1-0

[Event "TCh-CHN 2015"]
[Site "China CHN"]
[Date "2015.12.09"]
[Round "20.2"]
[Board "3"]
[White "Lou, Yiping"]
[Black "Zhou, Weiqi"]
[Result "1/2-1/2"]
[WhiteTitle "IM"]
[BlackTitle "GM"]
[WhiteElo "2453"]
[BlackElo "2627"]
[WhiteTeam "Shanghai"]
[BlackTeam "Chongqing"]
[WhiteFideId "8603928"]
[BlackFideId "8601674"]
[EventDate "2015.04.10"]

1. d4 Nf6 2. c4 e6 3. Nf3 d5 4. Nc3 c6 5. e3 Nbd7 6. Qc2 Bd6 7. b3 O-O 8. Bb2 b6
9. Be2 Bb7 10. O-O Qe7 11. Rfe1 Rad8 12. Rad1 c5 13. cxd5 exd5 14. Qf5 Qe6 15.
Bd3 Rfe8 16. Qg5 h6 17. Qh4 a6 18. Ne2 c4 19. Bb1 b5 20. Nf4 Qe7 21. g4 Ne4 22.
Qxe7 Rxe7 23. Nh4 g6 24. f3 Ng5 25. Kf2 Rc8 26. Bc2 Nb6 27. Nhg2 a5 28. h4 Ne6
29. Nxe6 Rxe6 30. Rb1 cxb3 31. Bxb3 a4 32. Bd1 g5 33. Bc1 Bc6 34. Bd2 Nc4 35.
Bb4 Na3 36. Rb2 Bxb4 37. Rxb4 Bd7 38. Rb2 Rc3 39. hxg5 hxg5 40. Be2 Rb6 41. e4
dxe4 42. fxe4 b4 43. Ne3 Rf6+ 44. Nf5 Nc2 45. e5 Rxf5+ 46. gxf5 Nxe1 47. Kxe1
Bxf5 48. Rxb4 Rc1+ 49. Kf2 Rc2 50. Ke3 Rc3+ 51. Kf2 Rc2 52. Ke3 Rxa2 53. d5 Ra3+
54. Kd2 Ra2+ 55. Ke3 Ra3+ 56. Kd2 Kg7 57. Rb7 Rb3 58. Ra7 Rb2+ 59. Ke3 Rb3+ 60.
Kd2 Rb2+ 61. Ke3 Rb3+ 62. Kd2 Rb2+ 1/2-1/2

[Event "TCh-CHN 2015"]
[Site "China CHN"]
[Date "2015.12.09"]
[Round "20.2"]
[Board "4"]
[White "Huang, Qian"]
[Black "Zhang, Xiaowen"]
[Result "1/2-1/2"]
[WhiteTitle "WGM"]
[BlackTitle "WGM"]
[WhiteElo "2473"]
[BlackElo "2349"]
[WhiteTeam "Chongqing"]
[BlackTeam "Shanghai"]
[WhiteFideId "8602689"]
[BlackFideId "8603219"]
[EventDate "2015.04.10"]

1. Nf3 Nf6 2. c4 e6 3. b3 Be7 4. Bb2 d5 5. e3 O-O 6. Be2 c5 7. O-O Nc6 8. d4
cxd4 9. exd4 b6 10. Nbd2 Bb7 11. Rc1 Rc8 12. Re1 dxc4 13. bxc4 Qd6 14. Bd3 Rfd8
15. Qe2 Qf4 16. Qe3 Qxe3 17. fxe3 Rc7 18. a3 Rdc8 19. Rc2 Na5 20. Rec1 h6 21. e4
Nd7 22. e5 Nf8 23. Kf2 Ng6 24. g3 Rd7 25. Be4 Bxe4 26. Nxe4 Rcd8 27. h4 h5 28.
Kg2 Bf8 29. Rd1 Rc7 30. Rdc1 Rcd7 31. Rd1 Rc7 32. Rdc1 Rcd7 33. Rd1 1/2-1/2

[Event "TCh-CHN 2015"]
[Site "China CHN"]
[Date "2015.12.09"]
[Round "20.3"]
[Board "2"]
[White "Zhao, Jun"]
[Black "Zhang, Ziji"]
[Result "1-0"]
[WhiteTitle "GM"]
[WhiteElo "2621"]
[BlackElo "2223"]
[WhiteTeam "Shandong"]
[BlackTeam "Heibei"]
[WhiteFideId "8602522"]
[BlackFideId "8609470"]
[EventDate "2015.04.10"]

1. e4 e5 2. Nf3 Nc6 3. Bb5 a6 4. Ba4 Nf6 5. O-O Be7 6. d3 b5 7. Bb3 d6 8. a4 b4
9. a5 Be6 10. Nbd2 Rb8 11. Nc4 h6 12. h3 O-O 13. Be3 Qc8 14. Qe2 Rd8 15. Nfd2
Qb7 16. Rfe1 Bf8 17. Qf3 d5 18. exd5 Bxd5 19. Qg3 Nh5 20. Qh2 Nf6 21. Qg3 Nh5
22. Qh4 Nf6 23. Ne4 Be7 24. Nxf6+ Bxf6 25. Qg4 Be6 26. Qe4 Nd4 27. Qxb7 Rxb7 28.
Bxd4 Rxd4 29. Nd2 Bxb3 30. Nxb3 Rd6 31. Re4 Rxd3 32. Rc4 1-0

[Event "TCh-CHN 2015"]
[Site "China CHN"]
[Date "2015.12.09"]
[Round "20.3"]
[Board "3"]
[White "Liu, Qingnan"]
[Black "Wan, Yunguo"]
[Result "1/2-1/2"]
[WhiteTitle "IM"]
[BlackTitle "IM"]
[WhiteElo "2510"]
[BlackElo "2477"]
[WhiteTeam "Shandong"]
[BlackTeam "Heibei"]
[WhiteFideId "8603294"]
[BlackFideId "8603189"]
[EventDate "2015.04.10"]

1. e4 e5 2. Nf3 Nc6 3. Bc4 Nf6 4. d3 Be7 5. Nc3 d6 6. a3 O-O 7. O-O Bg4 8. h3
Bh5 9. Nd5 Nxd5 10. Bxd5 Bxf3 11. Qxf3 Nd4 12. Qd1 c6 13. Ba2 Bg5 14. Be3 Bxe3
15. fxe3 Ne6 16. Qg4 Qe7 17. Rf3 Rae8 18. Raf1 f6 19. d4 exd4 20. exd4 Kh8 21.
Bxe6 Qxe6 22. Qxe6 Rxe6 23. Re1 Rfe8 24. Rfe3 d5 25. e5 Kg8 26. Kf2 fxe5 27.
dxe5 Kf7 28. h4 R6e7 29. h5 Ke6 30. h6 Rf7+ 31. Rf3 g6 32. Rxf7 Kxf7 33. Re3 Ke6
34. Rf3 Re7 35. Ke3 Kxe5 36. Rf8 Kd6+ 37. Kd3 c5 38. c3 b6 39. Rf6+ Ke5 40. Rf8
Ke6 41. Ke3 Kd6+ 42. Kd3 Kc6 43. Rc8+ Kd7 44. Rf8 Ke6 45. Ke3 Rf7 46. Re8+ Kf5
47. Rg8 Re7+ 48. Kd3 Ke6 49. Kd2 Kf7 50. Rh8 Kf6 51. Rg8 Kg5 52. Rg7 Kf6 53. Rg8
Re4 54. Rg7 Rg4 55. Rxa7 Rxg2+ 56. Kc1 g5 57. Rxh7 Kg6 58. Rd7 g4 59. Rxd5 g3
60. Rd3 Kh7 61. Rd6 Rg1+ 1/2-1/2

[Event "TCh-CHN 2015"]
[Site "China CHN"]
[Date "2015.12.09"]
[Round "20.3"]
[Board "4"]
[White "Zhai, Mo"]
[Black "Xiao, Yiyi"]
[Result "1-0"]
[WhiteTitle "WIM"]
[BlackTitle "WFM"]
[WhiteElo "2324"]
[BlackElo "2218"]
[WhiteTeam "Heibei"]
[BlackTeam "Shandong"]
[WhiteFideId "8600201"]
[BlackFideId "8606161"]
[EventDate "2015.04.10"]

1. d4 Nf6 2. c4 e6 3. Nc3 Bb4 4. e3 O-O 5. Bd3 d5 6. Ne2 Nbd7 7. O-O c6 8. e4
dxe4 9. Nxe4 h6 10. Bf4 Nxe4 11. Bxe4 Nf6 12. Bc2 Bd6 13. Qd3 Qc7 14. Bxd6 Qxd6
15. Ng3 Rd8 16. Rad1 Qf4 17. Qe2 b6 18. Qe5 Qh4 19. f3 Ba6 20. b3 Qg5 21. Rfe1
Bb7 22. Nf1 Nd7 23. Qe4 Nf6 24. Qe5 Nd7 25. Qc7 Rab8 26. Ng3 Ra8 27. Qe5 Nf6 28.
Nf1 Nd7 29. Qe4 Nf6 30. Qe5 Nd7 31. Qc7 Rab8 32. Ng3 Nf6 33. f4 Qh4 34. Ne4 Ng4
35. h3 Rdc8 36. Qd6 Rd8 37. Qa3 Nf6 38. Qxa7 Ba8 39. Nxf6+ Qxf6 40. Qc7 c5 41.
dxc5 bxc5 42. Qe5 Qh4 43. Kh2 Rbc8 44. Re3 Qf2 45. Rg3 1-0